Joint Memorandum To Parliament By The Minister For Finance (Ken Ofori-Atta) And The Minister Of Roads And Highways (Hon. Kwasi Amoako-Attah) For The Facility Agreements And Commercial Contract For The Design And Construction Of The Tema-Aflao Road (17km) Phase 1 (Service Roads And Interchanges) (Record no. 5752)

MARC details
000 -LEADER
fixed length control field 00885nam a22001817a 4500
003 - CONTROL NUMBER IDENTIFIER
control field OSt
005 - DATE AND TIME OF LATEST TRANSACTION
control field 20260225162801.0
008 - FIXED-LENGTH DATA ELEMENTS--GENERAL INFORMATION
fixed length control field 251118b |||||||| |||| 00| 0 eng d
041 ## - LANGUAGE CODE
Language code of text/sound track or separate title English
082 ## - DEWEY DECIMAL CLASSIFICATION NUMBER
Classification number PM/DCTA/19 ACC No: 11,992
100 ## - MAIN ENTRY--PERSONAL NAME
Personal name Kwasi Amoako-Attah
110 ## - MAIN ENTRY--CORPORATE NAME
Corporate name or jurisdiction name as entry element Minister Of Roads And Highways
245 ## - TITLE STATEMENT
Title Joint Memorandum To Parliament By The Minister For Finance (Ken Ofori-Atta) And The Minister Of Roads And Highways (Hon. Kwasi Amoako-Attah) For The Facility Agreements And Commercial Contract For The Design And Construction Of The Tema-Aflao Road (17km) Phase 1 (Service Roads And Interchanges)
260 ## - PUBLICATION, DISTRIBUTION, ETC.
Place of publication, distribution, etc. Accra
Name of publisher, distributor, etc. Parliament Of Ghana
Date of publication, distribution, etc. 2019
300 ## - PHYSICAL DESCRIPTION
Extent 90p; Tabs
650 ## - SUBJECT ADDED ENTRY--TOPICAL TERM
Topical term or geographic name entry element Facility Agreements And Commercial Contract For The Design And Construction Of The Tema-Aflao Road (17km) Phase 1 (Service Roads And Interchanges)
942 ## - ADDED ENTRY ELEMENTS (KOHA)
Source of classification or shelving scheme Dewey Decimal Classification
Koha item type Memorandum
Suppress in OPAC No
Holdings
Withdrawn status Lost status Source of classification or shelving scheme Damaged status Not for loan Home library Current library Shelving location Date acquired Total checkouts Full call number Date last seen Price effective from Koha item type
    Dewey Decimal Classification     Main Library Main Library Open Shelves 18/11/2025   PM/DCTA/19 ACC No: 11,992 18/11/2025 18/11/2025 Memorandum
©2026  Parliament of Ghana Library - All rights reserved